000 00358nam a2200145Ia 4500
008 230917s9999||||xx |||||||||||||| ||und||
040 _e143706
_aMAIN
041 _aEnglish
082 _a362.21 E21P
100 _aEdelson, Morshall
245 0 _aPractice of sociotherapy: A case study
260 _aLondon
_bYUP
_c1970
300 _a345p. p.
942 _cBK
999 _c201937
_d201937